[Event "AUTO-ADV-2925"]
[Site "http://www.queenalice.com/game.php?id=1205420"]
[Date "2013.8.5"]
[Round "1"]
[White "elijose"]
[Black "twiddledeedum"]
[Result "1-0"]
[WhiteElo "1884"]
[BlackElo "1747"]

1. d4 d5 2. e3 a6 3. Nf3 Bg4 4. Be2 Nc6 5. c3 Bxf3 6. Bxf3 e5 7. e4 dxe4 8. Bxe4
Nf6 9. Bxc6+ bxc6 10. Bg5 exd4 11. cxd4 Bb4+ 12. Nc3 Qe7+ 13. Be3 Bxc3+ 14. bxc3
O-O 15. O-O Ne4 16. Qc2 Nd6 17. c4 Qd7 18. Rab1 Nf5 19. Qc3 Rfe8 20. Rfe1 Nxe3
21. Rxe3 Rxe3 22. Qxe3 h6 23. h3 Re8 24. Qa3 Ra8 25. Qc3 Qf5 26. Rb7 Qd7 27. a4
a5 28. Qb2 Kh8 29. Rb8+ Rxb8 30. Qxb8+ Kh7 31. Qa7 f6 32. Qc5 Qd6 33. Qxa5 Qxd4
34. Qb4 c5 35. Qb5 Qe5 36. a5 g5 37. Qd7+ Kg6 38. Qd2 Qa1+ 39. Kh2 Qxa5 40. Qxa5
1-0

[Event "AUTO-ADV-2925"]
[Site "http://www.queenalice.com/game.php?id=1205421"]
[Date "2013.8.5"]
[Round "1"]
[White "twiddledeedum"]
[Black "elijose"]
[Result "0-1"]
[WhiteElo "1679"]
[BlackElo "1969"]

1. b3 Nf6 2. Bb2 g6 3. e4 d6 4. d3 Bg7 5. Nd2 O-O 6. Ngf3 Nc6 7. Nc4 e5 8. g3
Bg4 9. Bg2 a6 10. h3 Be6 11. Qd2 b5 12. Na5 Nxa5 13. Ng5 Nc6 14. Nxe6 fxe6 15.
f4 exf4 16. gxf4 a5 17. e5 dxe5 18. Bxc6 b4 19. fxe5 Nh5 20. O-O-O Ng3 21. Rhg1
Nf5 22. Bxa8 Qxa8 23. Rgf1 c5 24. Kb1 a4 25. Rde1 axb3 26. cxb3 Rd8 27. Qc2 Qa6
28. Qxc5 Qxd3+ 29. Ka1 Ne3 30. Rf2 Nd1 31. Rc2 Nxb2 32. Kxb2 Qxh3 33. Qxb4 Qg3
34. Ree2 Bxe5+ 35. Rxe5 Qxe5+ 36. Qc3 Qxc3+ 37. Rxc3 Rd2+ 38. Ka3 Kg7 39. b4 e5
40. Re3 Rd5 41. Ka4 h5 42. b5 Rd4+ 43. Ka5 Kf6 44. b6 g5 45. Rf3+ Ke7 46. b7 Rd8
47. Ka6 g4 48. Re3 Kf6 49. Ka7 h4 50. b8=Q Rxb8 51. Kxb8 h3 52. Re1 g3 53. Rf1+
Ke6 0-1

[Event "AUTO-ADV-2929"]
[Site "http://www.queenalice.com/game.php?id=1206883"]
[Date "2013.8.10"]
[Round "1"]
[White "AfeuLira"]
[Black "elijose"]
[Result "0-1"]
[WhiteElo "1980"]
[BlackElo "1912"]

1. Nf3 Nf6 2. c4 e6 3. e3 d5 4. cxd5 exd5 5. d4 Bd6 6. Bd3 Be6 7. O-O O-O 8. Nc3
a6 9. Re1 Nbd7 10. Qc2 c5 11. dxc5 Bxc5 12. Ng5 h6 13. Nh7 Nxh7 14. Bxh7+ Kh8
15. Bf5 Bxf5 16. Qb3 d4 17. exd4 Bxd4 18. Be3 Bxe3 19. Rxe3 Qb6 20. Qxb6 Nxb6
21. Re7 Rab8 22. Rd1 Be6 23. Rc7 Rfc8 24. Rxc8+ Rxc8 25. f3 Nc4 26. b3 Ne3 27.
Rd3 Nf5 28. Kf2 b5 29. b4 g5 30. g4 Nh4 31. Kg3 Ng6 32. Ne4 Rc2 33. Nf6 Nf4 34.
Rd8+ Kg7 35. Nh5+ Kh7 36. Nxf4 gxf4+ 37. Kxf4 Rxa2 38. h4 Ra4 39. Ke5 Rxb4 40.
g5 Rxh4 41. f4 hxg5 42. f5 Bc4 43. Kf6 Rg4 44. Rd1 a5 45. Rh1+ Kg8 46. Re1 a4
47. Re8+ Kh7 48. Ra8 Rg3 49. Ra7 a3 50. Ra8 a2 51. Ke5 Rg1 0-1

[Event "AUTO-ADV-2929"]
[Site "http://www.queenalice.com/game.php?id=1206884"]
[Date "2013.8.10"]
[Round "1"]
[White "elijose"]
[Black "AfeuLira"]
[Result "0-1"]
[WhiteElo "1897"]
[BlackElo "1974"]

1. d4 f5 2. e3 Nf6 3. Bd3 d6 4. f4 g6 5. Nf3 Bg7 6. c3 Be6 7. Na3 O-O 8. Bd2
Nbd7 9. O-O c5 10. Ng5 Bf7 11. Qf3 Qc7 12. dxc5 Nxc5 13. Bc2 e5 14. fxe5 dxe5
15. Nxf7 Kxf7 16. b4 Ne6 17. Bb3 Rfe8 18. Be1 e4 19. Qe2 Ng4 20. Bg3 Be5 21.
Bxe5 Nxe5 22. Nb5 Qb6 23. Nd4 Nd3 24. Nxe6 Rxe6 25. Rad1 Kg7 26. Bxe6 Qxe6 27.
Rxd3 exd3 28. Qxd3 Re8 29. Re1 Qxa2 30. Qd7+ Qf7 31. Qd4+ Qf6 32. Qd7+ Re7 33.
Qd4 a6 34. Qxf6+ Kxf6 35. Kf2 Rd7 36. Ke2 Ke5 37. Rd1 Rxd1 38. Kxd1 Ke4 39. Ke2
h5 40. g3 g5 41. h3 g4 42. h4 b5 0-1

[Event "AUTO-ADV-2929"]
[Site "http://www.queenalice.com/game.php?id=1206895"]
[Date "2013.8.10"]
[Round "1"]
[White "emanuela"]
[Black "elijose"]
[Result "0-1"]
[WhiteElo "1961"]
[BlackElo "1969"]

1. c4 e6 2. Nc3 d5 3. cxd5 exd5 4. d4 Nf6 5. Bf4 c6 6. e3 Bd6 7. Nge2 Be6 8. g3
Bxf4 9. Nxf4 Nbd7 10. Bg2 O-O 11. O-O b6 12. Qd3 Re8 13. b4 a5 0-1

[Event "AUTO-ADV-2929"]
[Site "http://www.queenalice.com/game.php?id=1206901"]
[Date "2013.8.10"]
[Round "1"]
[White "capablanca2014"]
[Black "elijose"]
[Result "1-0"]
[WhiteElo "2012"]
[BlackElo "1895"]

1. d4 e6 2. Bf4 d5 3. e3 Bd6 4. Bg3 Bxg3 5. hxg3 Nc6 6. c3 Bd7 7. Bd3 Qe7 8. Nf3
Nf6 9. Nbd2 O-O-O 10. Qc2 h6 11. O-O-O Ng4 12. Nb3 f5 13. Nc5 Na5 14. Nxd7 Qxd7
15. Nh4 Nc4 16. Nxf5 Qf7 17. Rdf1 Kb8 18. Nh4 Qe7 19. Bxc4 dxc4 20. Ng6 Qg5 21.
Nxh8 Rxh8 22. Qe2 Nf6 23. Qxc4 Nd5 24. Qe2 Rf8 25. Kb1 Rd8 26. Ka1 Rd6 27. f4
Qe7 28. e4 Nf6 29. e5 Ra6 30. exf6 Qxf6 31. f5 exf5 32. Qe8+ 1-0

[Event "AUTO-ADV-2929"]
[Site "http://www.queenalice.com/game.php?id=1206902"]
[Date "2013.8.10"]
[Round "1"]
[White "elijose"]
[Black "capablanca2014"]
[Result "0-1"]
[WhiteElo "1891"]
[BlackElo "2000"]

1. d4 d5 2. Nf3 Bf5 3. e3 e6 4. Bd3 Bg6 5. Bxg6 hxg6 6. c3 Nd7 7. Nbd2 Bd6 8.
Nb3 Ngf6 9. Bd2 Ne4 10. Qe2 Ndf6 11. O-O-O Qe7 12. h4 O-O-O 13. Ng5 Nxg5 14.
hxg5 Ne4 15. g3 Qxg5 16. Rxh8 Rxh8 17. Be1 Rh2 18. Qb5 c6 19. Qf1 Qf5 20. f4
Nxc3 21. Rd3 Nxa2+ 22. Kd1 Nb4 23. Bxb4 Bxb4 24. Kc1 Qe4 25. Nc5 Bxc5 0-1

[Event "AUTO-ADV-2820"]
[Site "http://www.queenalice.com/game.php?id=1220002"]
[Date "2013.9.26"]
[Round "2"]
[White "chego"]
[Black "elijose"]
[Result "1-0"]
[WhiteElo "1839"]
[BlackElo "1937"]

1. e4 e6 2. d4 d5 3. Nc3 Bb4 4. e5 c5 5. a3 Bxc3+ 6. bxc3 Nc6 7. Qg4 Nge7 8.
Qxg7 Rg8 9. Qxh7 cxd4 10. f4 dxc3 11. Nf3 Bd7 12. Ng5 Rf8 13. Rb1 Qc7 14. Bd3
Nd4 15. Qh5 Ndf5 16. Nh7 1-0

[Event "AUTO-ADV-2820"]
[Site "http://www.queenalice.com/game.php?id=1220003"]
[Date "2013.9.26"]
[Round "2"]
[White "elijose"]
[Black "chego"]
[Result "0-1"]
[WhiteElo "1917"]
[BlackElo "1859"]

1. d4 Nf6 2. Nf3 g6 3. c4 Bg7 4. Nc3 O-O 5. e4 d6 6. Be2 e5 7. d5 a5 8. O-O Na6
9. Be3 Ng4 10. h3 Nxe3 11. fxe3 Nc5 12. a3 Bh6 13. Qc1 Nb3 14. Qd1 Bxe3+ 15. Kh1
Nxa1 16. Qxa1 f5 0-1

[Event "AUTO-OPEN-3095"]
[Site "http://www.queenalice.com/game.php?id=1222512"]
[Date "2013.10.6"]
[Round "1"]
[White "lpessoa"]
[Black "elijose"]
[Result "1-0"]
[WhiteElo "1348"]
[BlackElo "1997"]

1. d4 e6 2. e4 d5 3. e5 c5 4. Bb5+ Bd7 5. Bxd7+ Nxd7 6. Nf3 Ne7 7. dxc5 Nxc5 8.
O-O Nf5 9. Bg5 Be7 10. Bxe7 Qxe7 11. b4 Ne4 12. Nbd2 Nxd2 13. Qxd2 O-O 14. a3 b5
15. a4 bxa4 16. Rxa4 Rfc8 17. Rfa1 Rc7 18. b5 Rb7 19. Qd3 Qc5 20. Rb1 Rc8 21.
Rb2 h6 22. h3 Rcb8 23. Ra5 Rb6 24. c3 a6 25. Nd4 Nxd4 26. cxd4 Qc1+ 27. Kh2 Qxb2
28. bxa6 Rb3 29. a7 Rxd3 30. axb8=Q+ 1-0

[Event "AUTO-OPEN-3095"]
[Site "http://www.queenalice.com/game.php?id=1222513"]
[Date "2013.10.6"]
[Round "1"]
[White "elijose"]
[Black "lpessoa"]
[Result "0-1"]
[WhiteElo "1967"]
[BlackElo "1378"]

1. d4 d5 2. Nf3 Nc6 3. c3 Bf5 4. e3 a6 5. Bd3 Bg4 6. Nbd2 e6 7. O-O h6 8. Re1 f6
9. h3 Bh5 10. Qc2 f5 11. Ne5 Nxe5 12. dxe5 g5 13. b4 b5 14. Nf1 g4 15. Be2 Qh4
16. hxg4 Bxg4 17. Bxg4 Qxg4 18. Nh2 Qg6 19. f4 Ne7 20. a4 c6 21. axb5 cxb5 22.
Ra3 Rg8 23. Re2 h5 24. Qa2 Kf7 25. Rxa6 Rxa6 26. Qxa6 h4 27. Nf3 h3 28. Ng5+ Kg7
29. Qxe6 Qxe6 0-1

[Event "AUTO-OPEN-3095"]
[Site "http://www.queenalice.com/game.php?id=1222556"]
[Date "2013.10.6"]
[Round "1"]
[White "elijose"]
[Black "mowliid12"]
[Result "0-1"]
[WhiteElo "1924"]
[BlackElo "2124"]

1. d4 Nf6 2. Nf3 g6 3. c4 Bg7 4. Nc3 d5 5. e3 O-O 6. Bd3 c5 7. O-O cxd4 8. exd4
dxc4 9. Bxc4 Nc6 10. Be3 Bg4 11. Be2 Nd5 12. Nxd5 Qxd5 13. h3 Bf5 14. Rc1 Qxa2
15. b3 Qa3 16. Bc4 Rad8 17. Qe2 Qd6 18. Rfd1 a6 19. Qa2 e5 20. d5 Nb4 21. Qd2 b5
22. Be2 Rc8 23. Nh4 Bc2 24. Re1 Bxb3 25. Bf3 f5 26. Qb2 Bc4 27. g3 e4 28. Be2
Bxb2 29. Rb1 Be5 30. Ng2 Bd3 31. Bxd3 Nxd3 0-1

[Event "AUTO-OPEN-3095"]
[Site "http://www.queenalice.com/game.php?id=1222557"]
[Date "2013.10.6"]
[Round "1"]
[White "mowliid12"]
[Black "elijose"]
[Result "0-1"]
[WhiteElo "1964"]
[BlackElo "1905"]

1. e4 e6 2. e5 d5 3. d4 c5 4. c3 Nc6 5. Nf3 Qb6 6. Be2 Bd7 7. O-O cxd4 8. cxd4
Nge7 9. Nc3 Nf5 10. Bb5 a6 11. Ba4 Be7 12. Ne2 h6 13. a3 g5 14. g4 Ng7 15. b4
Qd8 16. Be3 h5 17. gxh5 Nxh5 18. Ng3 Nf4 19. Rc1 Kf8 20. Bc2 Ng6 21. Qd2 g4 22.
Bxg6 gxf3 23. Bh6+ Ke8 24. Bh5 Qc7 25. Bxf3 Qb6 26. Be3 Bh4 27. Bg2 Bxg3 28.
fxg3 Kd8 29. Rxf7 Kc7 30. Bxd5 exd5 31. e6 Rad8 0-1

[Event "AUTO-ADV-2925"]
[Site "http://www.queenalice.com/game.php?id=1233351"]
[Date "2013.11.19"]
[Round "2"]
[White "tewald"]
[Black "elijose"]
[Result "1-0"]
[WhiteElo "1929"]
[BlackElo "1923"]

1. e4 e6 2. d4 d5 3. e5 c5 4. c3 Nc6 5. Nf3 Qb6 6. Be2 Bd7 7. O-O cxd4 8. cxd4
Nge7 9. Nc3 Nf5 10. Bb5 Be7 11. a3 h6 12. Bxc6 Bxc6 13. b4 g5 14. h3 Kd7 15. Rb1
Rag8 16. b5 g4 17. bxc6+ bxc6 18. Rxb6 axb6 19. hxg4 Ng7 20. a4 h5 21. gxh5 Rxh5
22. Ne2 Nf5 23. Ng3 Nxg3 24. fxg3 Rxg3 25. Nh2 Rh7 26. Rf3 Rgg7 27. Qb3 Kc7 28.
Nf1 Rg4 29. Qd3 Rgh4 30. Rh3 Rxh3 31. gxh3 Rg7+ 32. Kh2 c5 33. dxc5 Bxc5 34. Be3
Bxe3 35. Nxe3 1-0

[Event "AUTO-ADV-2925"]
[Site "http://www.queenalice.com/game.php?id=1233352"]
[Date "2013.11.19"]
[Round "2"]
[White "elijose"]
[Black "tewald"]
[Result "0-1"]
[WhiteElo "1919"]
[BlackElo "1887"]

1. d4 Nf6 2. Nf3 g6 3. c4 Bg7 4. Nc3 d6 5. e4 O-O 6. Be2 e5 7. d5 Nbd7 8. O-O
Nc5 9. Qc2 a5 10. Be3 b6 11. a3 Bd7 12. b4 axb4 13. axb4 Rxa1 14. Rxa1 Nb7 15.
Ra7 Qb8 16. Qa2 Ng4 17. Bd2 Rc8 18. h3 Nf6 19. Be3 Nd8 20. Ra3 c6 21. Bf1 c5 22.
bxc5 bxc5 23. Ne2 Nxe4 24. Ng3 Nxg3 25. fxg3 h6 26. Bf2 e4 27. Ne1 f5 28. Be3 g5
29. h4 Nf7 30. Qd2 g4 31. Bf4 Bb2 32. Ra2 Bd4+ 33. Be3 Bxe3+ 34. Qxe3 Kg7 35.
Qc3+ Ne5 36. Nc2 Kg6 37. Ne3 Rc7 38. Rf2 h5 39. Qd2 Qb4 40. Qe2 Nd3 41. Rf4 Nxf4
42. gxf4 Rb7 43. g3 Qb1 44. Qd1 Qxd1 45. Nxd1 Rb1 46. Ne3 Ba4 47. Kf2 Rc1 48.
Be2 Bb3 49. Kg2 Rc3 50. Kf2 Ba4 51. Ke1 Rxe3 0-1

[Event "AUTO-OPEN-3043"]
[Site "http://www.queenalice.com/game.php?id=1249303"]
[Date "2014.1.18"]
[Round "2"]
[White "ChessColossos"]
[Black "elijose"]
[Result "1-0"]
[WhiteElo "2268"]
[BlackElo "1902"]

1. e4 e6 2. d4 d5 3. exd5 exd5 4. Nf3 Nf6 5. Bd3 Bd6 6. O-O O-O 7. Bg5 Nbd7 8.
Nc3 c6 9. Re1 Qc7 10. g3 b6 11. Nh4 Bb7 12. Nf5 Rae8 13. Qd2 a6 14. Bh6 Rxe1+
15. Rxe1 Re8 16. Bxg7 Rxe1+ 17. Qxe1 Bf8 18. Bxf8 Nxf8 19. Qe5 Qxe5 20. dxe5
N6d7 21. f4 Ne6 22. Nd6 Ba8 23. Bxa6 Ndc5 24. Bc8 b5 25. b4 Na4 26. Nxa4 bxa4
27. a3 Kf8 28. Bxe6 fxe6 29. Nc8 Bb7 30. Nb6 1-0

[Event "AUTO-OPEN-3043"]
[Site "http://www.queenalice.com/game.php?id=1249304"]
[Date "2014.1.18"]
[Round "2"]
[White "elijose"]
[Black "ChessColossos"]
[Result "0-1"]
[WhiteElo "1900"]
[BlackElo "2201"]

1. d4 d5 2. Nf3 Nf6 3. e3 e6 4. Bd3 c5 5. c3 Nc6 6. Nbd2 Bd6 7. O-O O-O 8. Re1
cxd4 9. cxd4 Qc7 10. a3 e5 11. e4 Nxd4 12. Nxd4 exd4 13. exd5 Bxh2+ 14. Kh1 Bf4
15. Nf3 Nxd5 16. Ng5 Nf6 17. Qf3 Bxg5 18. Bxg5 Bg4 19. Qf4 Qxf4 20. Bxf4 Rfe8
21. Rxe8+ Rxe8 22. Rc1 Bd7 23. Kg1 Bc6 24. Kf1 Rd8 25. Bg5 h6 26. Bh4 g5 27. Bg3
Nh5 28. Bh2 Nf4 29. Bc4 Bxg2+ 30. Kg1 Be4 31. Ba2 Ne2+ 0-1

[Event "AUTO-OPEN-3043"]
[Site "http://www.queenalice.com/game.php?id=1249309"]
[Date "2014.1.18"]
[Round "2"]
[White "rpalmero"]
[Black "elijose"]
[Result "1-0"]
[WhiteElo "1925"]
[BlackElo "1881"]

1. c4 e6 2. Nc3 d5 3. cxd5 exd5 4. e3 Nf6 5. Nf3 Be6 6. a3 c6 7. h3 Bd6 8. Qc2
O-O 9. b4 Nbd7 10. Bb2 b5 11. Nd4 Qc7 12. Bd3 a5 13. O-O a4 14. Rac1 Rac8 15.
Bf5 Bxf5 16. Qxf5 Qb8 17. Nce2 Qb7 18. Nf4 Bxf4 19. Qxf4 Ne4 20. d3 Nef6 21. Nf5
Rfe8 22. Nd6 Qb8 23. Nxe8 Qxf4 24. exf4 Rxe8 25. Rxc6 h6 26. g4 Nf8 27. Bxf6
gxf6 28. Rxf6 Re6 29. Rxe6 Nxe6 30. f5 Nd4 31. Kg2 Nc2 32. Rc1 Nxa3 33. Rc5 d4
34. Kf3 1-0

[Event "AUTO-OPEN-3043"]
[Site "http://www.queenalice.com/game.php?id=1249310"]
[Date "2014.1.18"]
[Round "2"]
[White "elijose"]
[Black "rpalmero"]
[Result "0-1"]
[WhiteElo "1896"]
[BlackElo "1910"]

1. d4 Nf6 2. Nf3 e6 3. e3 c5 4. c3 cxd4 5. cxd4 a6 6. Bd3 Qc7 7. Nbd2 Nc6 8. a3
b5 9. O-O Bb7 10. b4 Bd6 11. Bb2 h5 12. e4 Bf4 13. d5 Ne5 14. Bxe5 Bxe5 15. Nxe5
Qxe5 16. Nf3 Qf4 17. dxe6 dxe6 18. a4 Bxe4 19. Bxe4 Qxe4 20. axb5 axb5 21. Qd6
Qb7 22. Rac1 Nd5 23. Ne5 Rd8 24. Qc5 f6 25. Nf3 Kf7 26. Qd4 h4 27. h3 g5 28.
Rfe1 Nf4 29. Qe3 Rhe8 30. Nxh4 Rd3 31. Qe4 Qxe4 32. Rxe4 Nxh3+ 0-1